Проектирование и разработка web-приложений: учебное пособие для академического бакалавриата

التفاصيل البيبلوغرافية
المؤلف الرئيسي: Тузовский А. Ф. Анатолий Федорович
مؤلف مشترك: Национальный исследовательский Томский политехнический университет (ТПУ)
الملخص:В пособии рассматриваются современные интернет-технологии и их использование для создания web-приложений. Поясняются основные понятия и стандарты сети Интернет и реализованной на ее основе web-сети (World Wide Web), состав про­граммного обеспечения данной сети, логика работы web-приложений, основные под­ходы и технологии их разработки. В качестве примера подходов к разработке web-приложений рассматриваются технологии ASP.Net Web Forms и MVC. В заключительной главе пособия поясняются современные методы проектирования web-приложений и рекомендации по реализа­ции их различных уровней.
اللغة:الروسية
منشور في: Москва, Юрайт, 2019
سلاسل:Университеты России
الموضوعات:
التنسيق: كتاب
KOHA link:https://koha.lib.tpu.ru/cgi-bin/koha/opac-detail.pl?biblionumber=343559

MARC

LEADER 00000nam0a2200000 4500
001 343559
005 20231102005554.0
010 |a 9785534005158 
035 |a (RuTPU)RU\TPU\book\373969 
035 |a RU\TPU\book\268093 
035 |a RU\TPU\book\330918 
090 |a 343559 
100 |a 20131206d2019 m y0rusy50 ca 
101 0 |a rus 
102 |a RU 
105 |a a j 001zy 
200 1 |a Проектирование и разработка web-приложений  |e учебное пособие для академического бакалавриата  |f А. Ф. Тузовский  |g Национальный исследовательский Томский политехнический университет (ТПУ) 
210 |a Москва  |c Юрайт  |d 2019 
215 |a 219 с.  |c ил. 
225 1 |a Университеты России 
320 |a Библиогр.: с. 218 
330 |a В пособии рассматриваются современные интернет-технологии и их использование для создания web-приложений. Поясняются основные понятия и стандарты сети Интернет и реализованной на ее основе web-сети (World Wide Web), состав про­граммного обеспечения данной сети, логика работы web-приложений, основные под­ходы и технологии их разработки. В качестве примера подходов к разработке web-приложений рассматриваются технологии ASP.Net Web Forms и MVC. В заключительной главе пособия поясняются современные методы проектирования web-приложений и рекомендации по реализа­ции их различных уровней. 
606 1 |a Веб-страницы  |x Разработка  |2 stltpush  |3 (RuTPU)RU\TPU\subj\53314  |9 71629 
610 1 |a Интернет 
610 1 |a World Wide Web 
610 1 |a Web-сети 
610 1 |a программное обеспечение 
610 1 |a Web-приложения 
610 1 |a проектирование 
610 1 |a серверные приложения 
610 1 |a учебные пособия 
610 1 |a труды учёных ТПУ 
675 |a 004.774(075.8)  |v 4 
700 1 |a Тузовский  |b А. Ф.  |c специалист в области информатики и вычислительной техники  |c профессор Томского политехнического университета, доктор технических наук  |f 1952-  |g Анатолий Федорович  |2 stltpush  |3 (RuTPU)RU\TPU\pers\25952 
712 0 2 |a Национальный исследовательский Томский политехнический университет (ТПУ)  |c (2009- )  |2 stltpush  |3 (RuTPU)RU\TPU\col\15902 
801 1 |a RU  |b 63413507  |c 20191010 
801 2 |a RU  |b 63413507  |c 20191121  |g RCR 
942 |c BK 
959 |a 14/20191009  |d 1  |e 598,13  |f ЧЗТЛ:1